Saber hacer histora : américa y europa en la edad moderna. 2 es /
Guardado en:
| Autor Principal: | |
|---|---|
| Formato: | Libro |
| Publicado: |
Buenos Aires :
Estrada,
2013.
|
| Series: | Huellas
|
| Materias: | |
| Etiquetas: |
Agregar Etiqueta
Sin Etiquetas, Sea el primero en etiquetar este registro!
|
| LEADER | 01592nam a22002415a 4500 | ||
|---|---|---|---|
| 001 | CEM.cems014626 | ||
| 005 | 20150812161430.0 | ||
| 008 | 130507s2013##################000#0#####d | ||
| 003 | CEMS | ||
| 020 | |a 9789500115681 | ||
| 082 | 0 | 4 | |a 940.2 |
| 100 | 1 | |a Minutella, Eduardo | |
| 245 | 1 | 0 | |a Saber hacer histora : |b américa y europa en la edad moderna. 2 es / |c Eduardo Minutella |
| 260 | |a Buenos Aires : |b Estrada, |c 2013. | ||
| 300 | |a 48 p. | ||
| 490 | 0 | |a Huellas | |
| 505 | 0 | |a Los pueblos originarios de América -- Burgueses y universidades en la Europa medieval -- Un mundo que cambia -- La Tierra de Américo -- La mirada de los europeos -- De encomiendas y encomenderos -- La tierra como fuente de poder -- Las ciudades coloniales y sus habitantes -- El poder centralizado y sus opositores -- Los derechos en Inglaterra -- La expansión económica europea -- El tráfico de personas en el siglo XVII -- La sociedad y la cultura europeas -- Pensar la sociedad, pensar la política -- Indutrias, fábricas y máquinas -- Las diferencias sociales en las nuevas ciudades fabriles -- Los cambios en América -- Buenos Aires a fines del siglo XVIII -- La Revolución en los Estados Unidos -- La Revolución y la violencia -- El estudio de la mentalidad revolucionaria -- Los pueblos originarios en el siglo XXI: multiculturalismo en Bolivia -- Los pueblos originarios en Argentina | |
| 653 | |a Historia | ||
| 653 | |a Historia edad moderna | ||
| 653 | |a Historia americana | ||
| 653 | |a Historia europea | ||
| 653 | |a Texto escolar | ||
| 859 | |a CEMS |b BIB. CEMS - 11 de abril |h 940.2 |i AL76-1 |p 27189.15 |t Ej.1 | ||
